000 00591nam a2200229Ia 4500
003 OSt
005 20221007074123.0
006 a|||||r|||| 00| 0
007 ta
008 221006b |||||||| |||| 00| 0 eng d
024 _a13,809
037 _cTextual
040 _aFLL
_cFLL
_beng
041 _2eng
_aeng
082 _aWx1:9, H9
100 _aAiyagar K.V.R. Au.
_9692531
245 0 _aIndian cameralsim
260 _aMadras
_bAdyar library Madras
_c1949
300 _a184p
_ccm.
942 _hWx1:9, H9
_cTEXL
_2CC
999 _c1151227
_d1151227